000 00448cam a2200181 4500
001 D9246
008 090401t1968 xxu||||| |||| 00| 0 eng d
035 _a(Sirsi) u18333
041 _aeng
050 _a333.332
100 _aThorncroft, Michael E.T
245 _aAppraisal technique and practice: an international review
260 _aLondon
_bFIG / RICS
_c1968
300 _a11p. 30cm
350 _a0.25
942 _n0
948 _c04/03/1997
999 _c87589
_d87589